| 000 | 00626nab a2200193 4500 | ||
|---|---|---|---|
| 001 | 244442 | ||
| 003 | OSt | ||
| 005 | 20250108101159.0 | ||
| 007 | tu | ||
| 008 | 200917s2020||||||| | ||
| 040 |
_aDE-2950 _cDE-2950 |
||
| 245 | 0 | 0 |
_aFeierabend für Robert Reuter _bRuhestand. Seit fast zwei Jahrzehnten hat der Eventmanager in Frankfurt das Stadtfest Bunter Hering organisiert, 2025 ist damit Schluss/ _cLisa Larossa |
| 264 | _c2024 | ||
| 653 | _aFrankfurt (Oder) | ||
| 653 | _aRobert Reuter | ||
| 653 | _aRuhestand | ||
| 773 | 0 |
_g36. Jahrgang (2025) Nr. 3 vom 4.1.2025, S. 15 mit Foto _tMärkische Oderzeitung |
|
| 942 |
_2z _cA |
||
| 999 |
_c373541 _d373541 |
||